000
00427nam a2200181Ia 4500
008
100917s9999 xx 000 0 und d
082
_b
57340
100
_a
कदम बाबा
245
_a
गजरा
260
_b
चं. शेट्ये मं.
_c
1977
300
_a
168
365
_b
22
520
_a
कथा
630
_a
गजरा
650
_a
कथा
730
_a
गजरा
942
_c
BOOK
999
_c
662734
_d
662731